The 30th - Billie Eilish - Statistics

General Stats
  • This quiz has been taken 67 times
  • The average score is 234 of 259
Answer Stats
Hint Answer % Correct
a
100%
Chorus I
100%
on
100%
the
100%
to
100%
you
100%
car
98%
day
98%
if
98%
in
98%
Verse 2 In
98%
it
98%
know
98%
look
98%
me
98%
there
98%
was
98%
Bridge What
98%
what
98%
where
98%
your
98%
alive
95%
are
95%
be
95%
bridge
95%
different
95%
kids
95%
so
95%
were
95%
don't
93%
little
93%
no
93%
play
93%
alone
90%
am
90%
and
90%
Chorus And
90%
remember
90%
scared
90%
told
90%
way
90%
you're
90%
angeles
88%
calling
88%
even
88%
happened
88%
looked
88%
not
88%
one
88%
or
88%
pretty
88%
rail
88%
rain
88%
said
88%
wasn't
88%
ambulance
85%
anything
85%
bed
85%
but
85%
changed
85%
hospital
85%
just
85%
knows
85%
like
85%
snow
85%
survived
85%
then
85%
weren't
85%
accident
83%
before
83%
crest
83%
did
83%
have
83%
same
83%
street
83%
Verse 1 Sometimes
80%
up
80%
would
80%
remote
78%
when
78%
all
76%
late
76%
neighborhood
76%
night
76%
time
76%
woke
76%
into
73%
saw
73%
that
73%
together
73%
wanted
73%
of
71%
over
71%
panic
71%
space
71%
starin'
71%
think
71%
didn't
68%
early
68%
hard
68%
it's
68%
traffic
68%
ambulances
66%
drive
66%
pieced
66%
pullin'
66%
shoulder
66%
usually
66%
believe
63%
Thought
63%
5
61%
unusually
61%
standstill
56%
No matching quizzes found
Score Distribution
Percent of People with Each Score
Percentile by Number Answered
Your Score History
You have not taken this quiz